Word Ladder: Incredibles' Designer Quiz Stats

 Plays Quiz Updated Jun 29, 2018

Also try: Word Ladder: Pixar
Challenge
Share
Tweet
Embed
Score 0/22 Timer 03:00
0 Plays Today
Clue 4-Letter Word % Correct
Use an ovenBAKE
95.5%
Dessert made in an ovenCAKE
95.1%
One of 18 on a golf courseHOLE
94.7%
Use a keyboardTYPE
94.1%
Burrowing lawn animalMOLE
94.1%
Soda made in AtlantaCOKE
93.7%
A narrow adhesive stripTAPE
92.5%
Sums upADDS
92%
A red ribbon shows support in the fight against this diseaseAIDS
92%
Walk out into the waterWADE
90.4%
Deal withCOPE
90.2%
Clue 4-Letter Word % Correct
PublicityHYPE
90.1%
AssistantAIDE
90.1%
• What [First Rung] [Last Rung] hates on costumes ••CAPE•
89.4%
Vast or extensiveWIDE
89.2%
Beseeched or toldBADE
88.4%
Word on a Shepard Fairey posterHOPE
88.1%
Informal term for where you live or your e-mailADDY
68.5%
WhirlpoolEDDY
67.2%
• With [Last Rung], costume designer in 'The Incredibles' ••EDNA•
59.5%
Collection of medieval Icelandic literatureEDDA
49.4%
• With [First Rung], costume designer in 'The Incredibles' ••MODE•
45.7%

Today's Daily Dose

You're not logged in!

Compare scores with friends on all Sporcle quizzes.
OR
Log In

You Might Also Like...

Show Comments

Extras

Top Quizzes Today


Score Distribution

Your Account Isn't Verified!

In order to create a playlist on Sporcle, you need to verify the email address you used during registration. Go to your Sporcle Settings to finish the process.

Report this User

Report this user for behavior that violates our Community Guidelines.

Details: